[Event "Druzynowe Mistrzostwa Polski - II liga"]
[Site "Dom Wczasowy VIS Jastrzebia Gora"]
[Date "1899-12-30"]
[Round "8.73"]
[White "Pulik, Krzysztof"]
[Black "Zarnowski, Krzysztof"]
[Result "1/2-1/2"]
[WhiteTitle "k"]
[BlackTitle "I++"]
[WhiteElo "2046"]
[BlackElo "2050"]

1. e4 c6 2. d4 d5 3. exd5 cxd5 4. c4 Nf6 5. Nc3 g6 6. Qb3 Bg7 7. cxd5 O-O 8. Be2
Nbd7 9. Bf3 Nb6 10. Nge2 Bg4 11. Bxg4 Nxg4 12. a4 Nf6 13. Nf4 a5 14. O-O Qd6 15.
Re1 Rfd8 16. Bd2 Nbxd5 17. Nfxd5 Nxd5 18. Nxd5 Qxd5 19. Qxd5 Rxd5 20. Rxe7 1/2-1/2

[Event "Druzynowe Mistrzostwa Polski - II liga"]
[Site "Dom Wczasowy VIS Jastrzebia Gora"]
[Date "1899-12-30"]
[Round "8.75"]
[White "Wozny, Tomasz"]
[Black "Slezinski, Nikodem"]
[Result "1/2-1/2"]
[WhiteTitle "I"]
[BlackTitle "I++"]
[WhiteElo "1761"]
[BlackElo "1985"]

1. d4 Nf6 2. c4 e6 3. g3 d5 4. Nf3 Be7 5. Nc3 O-O 6. Bg2 dxc4 7. Qa4 a6 8. Qxc4
b5 9. Qd3 Bb7 10. a3 c5 11. O-O cxd4 12. Qxd4 Qxd4 13. Nxd4 Bxg2 14. Kxg2 Bc5
15. Nb3 Bb6 16. Rd1 Nbd7 17. Bg5 Rac8 18. Rd6 Rb8 19. Rad1 Ne5 20. Bxf6 gxf6 21.
Ne4 Kg7 22. Ned2 Rfd8 23. Rxd8 Rxd8 24. Rc1 a5 25. Nf3 Nc4 26. Rc2 a4 27. Nbd2
Nxd2 28. Nxd2 f5 29. Nf3 Rd6 30. b3 axb3 31. Rb2 Rd5 32. Rxb3 Bd8 33. e3 e5 34.
Ne1 Kf6 35. Nd3 e4 36. Nb4 Rd2 37. Nc6 Bb6 38. a4 bxa4 39. Rxb6 Rd6 40. Ra6 a3
41. h4 a2 42. Rxa2 Rxc6 43. Ra8 Kg7 44. Ra5 Kg6 45. Kh3 h5 46. Ra8 f6 47. Rh8
Rc2 48. Kg2 Ra2 49. Rg8+ Kf7 50. Rd8 Kg6 51. Kf1 Rb2 52. Ke1 Rb1+ 1/2-1/2

[Event "Druzynowe Mistrzostwa Polski - II liga"]
[Site "Dom Wczasowy VIS Jastrzebia Gora"]
[Date "1899-12-30"]
[Round "8.76"]
[White "Swider, Pawel"]
[Black "Wozniak, Marcin"]
[Result "1-0"]
[WhiteTitle "I++"]
[BlackTitle "I++"]
[WhiteElo "1920"]
[BlackElo "1821"]

1. d4 Nf6 2. c4 c5 3. d5 b5 4. cxb5 a6 5. bxa6 Bxa6 6. Nc3 g6 7. g3 d6 8. Bg2 Nbd7
9. Nf3 Bg7 10. O-O O-O 11. Qc2 Ng4 12. Rb1 Qc7 13. h3 Nge5 14. Nxe5 Nxe5 15. b3
Rfb8 16. Bd2 Ra7 17. Rfc1 Qc8 18. f4 Nd7 19. Kh2 e5 20. dxe6 fxe6 21. e4 Nb6 22.
a4 Qd7 23. Be3 Rc7 24. Rd1 Qe7 25. Qd2 Nc8 26. f5 Qf6 27. Ne2 gxf5 28. exf5 Qxf5
29. Nf4 Kh8 30. Bf3 Bb7 31. Bg4 Qe4 32. Nxe6 Re7 33. Nxg7 Rxg7 34. Bh6 d5 35.
Bxg7+ Kxg7 36. Qg5+ Kh8 37. Qf6+ Kg8 38. Be6+ 1-0

[Event "Druzynowe Mistrzostwa Polski - II liga"]
[Site "Dom Wczasowy VIS Jastrzebia Gora"]
[Date "1899-12-30"]
[Round "8.77"]
[White "Trybowska, Barbara"]
[Black "Hampel, Anna"]
[Result "1-0"]
[WhiteTitle "I++"]
[BlackTitle "I++"]
[WhiteElo "1848"]
[BlackElo "1665"]

1. d4 d5 2. c4 e6 3. g3 Nf6 4. Bg2 Be7 5. Nf3 O-O 6. O-O dxc4 7. Qc2 c5 8. dxc5
Bxc5 9. Nbd2 Nc6 10. a3 b5 11. b3 Rb8 12. bxc4 bxc4 13. Bb2 Ba6 14. Rad1 Qe7 15.
Bxf6 gxf6 16. Ne4 Bxa3 17. Rd7 Rb2 18. Qc3 Rb3 19. Qa1 Bb2 20. Rxe7 Bxa1 21. Rc7
c3 22. Rxa1 c2 23. Nfd2 Rd8 24. Rxc6 Rb1+ 25. Rxb1 cxb1=Q+ 26. Nxb1 Rd1+ 27. Bf1
Bxe2 28. Nbd2 f5 1-0

[Event "Druzynowe Mistrzostwa Polski - II liga"]
[Site "Dom Wczasowy VIS Jastrzebia Gora"]
[Date "1899-12-30"]
[Round "8.79"]
[White "Miturova, Magdalena"]
[Black "Mika, Tomasz"]
[Result "1/2-1/2"]
[WhiteTitle "WIM"]
[BlackTitle "CM"]
[WhiteElo "2219"]
[BlackElo "2157"]

1. e4 c6 2. Nf3 d5 3. Nc3 Nf6 4. e5 Ne4 5. d4 Nxc3 6. bxc3 c5 7. Be2 Nc6 8. O-O
e6 9. Bg5 Qa5 10. Qd3 h6 11. Bd2 c4 12. Qe3 Bd7 13. Qf4 Be7 14. h4 f6 15. exf6
gxf6 16. h5 O-O-O 17. Nh4 e5 18. Qe3 f5 19. Ng6 Bg5 20. f4 exf4 21. Qf2 Rhe8 22.
Bf3 Be6 23. Rae1 Bf7 24. Nxf4 Rxe1 25. Rxe1 Qxa2 26. Nh3 Bxd2 27. Qxd2 Qa3 28.
Nf4 Qd6 29. g3 Rd7 30. Qg2 b5 31. Qh3 Qa3 32. Ne2 Be6 33. Rf1 Qb2 34. Nf4 Qxc3
35. Nxe6 Qe3+ 36. Kh1 Qxe6 37. c3 b4 38. g4 f4 39. Qh4 bxc3 40. Re1 Qf7 1/2-1/2

[Event "Druzynowe Mistrzostwa Polski - II liga"]
[Site "Dom Wczasowy VIS Jastrzebia Gora"]
[Date "1899-12-30"]
[Round "8.80"]
[White "Markiewicz, Jerzy"]
[Black "Gradowski, Jacek"]
[Result "1-0"]
[WhiteTitle "FM"]
[BlackTitle "k"]
[WhiteElo "2205"]
[BlackElo "2069"]

1. e4 e5 2. Nf3 Nc6 3. d4 exd4 4. Nxd4 Bc5 5. Nb3 Bb6 6. Qe2 d6 7. Be3 Be6 8. Nc3
Nge7 9. O-O-O Qc8 10. Bxb6 axb6 11. Kb1 O-O 12. Qe3 f5 13. f4 fxe4 14. Qxe4 d5
15. Qe3 Nf5 16. Qf2 d4 17. Nb5 Ne3 18. Rd2 Bxb3 19. cxb3 Nxf1 20. Qxf1 Qf5+ 21.
Qd3 Qxf4 22. Nxd4 Rad8 23. Qc4+ Kh8 24. Rhd1 Qe4+ 25. Qc2 Qxc2+ 26. Kxc2 Rxd4
27. Rxd4 Nxd4+ 28. Rxd4 Rf2+ 29. Rd2 Rxd2+ 30. Kxd2 Kg8 31. Kd3 Kf7 32. a4 Ke6
33. Kd4 Kd6 34. b4 Ke6 35. a5 Kd6 36. Kc4 bxa5 37. bxa5 c6 38. b3 Kd7 39. Kc5
Kc7 40. h4 h5 41. g3 Kc8 42. Kb6 Kb8 43. b4 g6 44. a6 bxa6 45. Kxc6 Ka7 1-0

[Event "Druzynowe Mistrzostwa Polski - II liga"]
[Site "Dom Wczasowy VIS Jastrzebia Gora"]
[Date "1899-12-30"]
[Round "8.81"]
[White "Flis, Pawel"]
[Black "Augustyn, Sebastian"]
[Result "0-1"]
[WhiteTitle "CM"]
[BlackTitle "k"]
[WhiteElo "1936"]
[BlackElo "2093"]

1. e4 c5 2. Nf3 Nc6 3. d4 cxd4 4. Nxd4 d5 5. Nxc6 bxc6 6. exd5 Qxd5 7. Nc3 Qxd1+
8. Nxd1 e5 9. Bc4 Nf6 10. Ne3 Bc5 11. O-O O-O 12. Bd2 Rb8 13. Bb3 Bd4 14. c3 Ne4
15. Rad1 Bb6 16. Bc1 Ba6 17. Rfe1 Nc5 18. Bc4 Rfd8 19. b4 Nd3 20. Bxa6 Nxe1 21.
Rxe1 c5 22. a3 f6 23. Kf1 Rd7 24. Bb5 Rdd8 25. Ke2 Rbc8 26. Rd1 cxb4 27. Rxd8+
Bxd8 28. Bc4+ Kf8 29. axb4 Bb6 30. Bd3 Rxc3 31. Bd2 Ra3 32. Bxh7 Ra2 33. Be4 Bd4
34. Bd5 Rb2 35. Kd3 g6 36. g4 Ke7 37. Nd1 Rb1 38. Kc2 Ra1 39. h4 f5 40. gxf5 gxf5
41. h5 Kf6 42. b5 f4 43. Bb4 Kg5 44. Bf7 e4 45. Be7+ Kh6 46. Bf8+ Kh7 47. Bd6
e3 48. Bg6+ Kg8 49. fxe3 fxe3 50. Nxe3 Bxe3 51. Kd3 Rd1+ 52. Kxe3 Rxd6 53. Bd3
Kg7 54. Be2 Kf6 55. Bf3 Kg5 56. Ke4 Rb6 57. Be2 Re6+ 58. Kd3 Kf4 59. h6 Rxh6 60.
Kd4 Rh2 61. Bc4 Rh6 62. Bd5 Rb6 63. Bc4 Kf5 64. Kc5 Kf6 65. Bd5 Ke7 66. Bc6 Kd8
67. Bd5 Kc7 68. Kc4 Kd6 69. Bf3 Rb8 70. Be2 Re8 71. Bd3 Re3 72. Kd4 Rh3 73. Bc4
Rh4+ 74. Kc3 Kc5 75. Bd3 Rh3 76. Kd2 Kd4 77. Bf1 Rh2+ 78. Be2 Rg2 79. Kd1 Kc3
80. Ke1 Kd4 81. Kd2 Rh2 82. Kd1 Ke3 83. Bc4 Rh4 84. Bf7 Kd3 85. Bg6+ Kc4 86. Be8
Rd4+ 87. Kc2 Rd8 88. Bf7+ Kxb5 89. Kc1 Kb4 90. Bg6 Rg8 91. Bc2 Kc3 92. Ba4 Rg1+
93. Bd1 a5 0-1

[Event "Druzynowe Mistrzostwa Polski - II liga"]
[Site "Dom Wczasowy VIS Jastrzebia Gora"]
[Date "1899-12-30"]
[Round "8.82"]
[White "Markiewicz, Mateusz"]
[Black "Strzelecki, Jerzy"]
[Result "0-1"]
[WhiteTitle "I++"]
[BlackTitle "k"]
[WhiteElo "2048"]
[BlackElo "1863"]

1. f4 Nf6 2. Nf3 d5 3. g3 g6 4. Bg2 Bg7 5. d3 O-O 6. O-O Nc6 7. c3 Qd6 8. Qe1 Bd7
9. e4 dxe4 10. dxe4 e5 11. Na3 Rae8 12. Kh1 exf4 13. Bxf4 Qd3 14. Rd1 Qa6 15.
Bxc7 Rxe4 16. Qd2 Re2 17. Qc1 Bg4 18. h3 Rxg2 19. Kxg2 Qe2+ 20. Kg1 Bxf3 21. Rd2
Qe4 22. Rdf2 Qe7 23. Bf4 Bd5 24. c4 Be6 25. Bg5 Bxh3 26. Rxf6 Bxf1 27. Rxg6 fxg6
28. Bxe7 Nxe7 0-1

[Event "Druzynowe Mistrzostwa Polski - II liga"]
[Site "Dom Wczasowy VIS Jastrzebia Gora"]
[Date "1899-12-30"]
[Round "8.83"]
[White "Posuniak, Weronika"]
[Black "Jalowiec, Halina"]
[Result "1-0"]
[WhiteTitle "k"]
[BlackTitle "WFM"]
[WhiteElo "1887"]
[BlackElo "1807"]

1. d4 d5 2. c4 e6 3. Nc3 a6 4. cxd5 exd5 5. Nf3 Nf6 6. Bg5 Be6 7. e3 Bd6 8. Ne5
c6 9. Bd3 h6 10. Bh4 g5 11. Bg3 Qc7 12. f4 c5 13. O-O cxd4 14. exd4 gxf4 15. Bxf4
Nbd7 16. Nxd7 Nxd7 17. Bxd6 Qxd6 18. Qa4 O-O-O 19. b4 Nb6 20. Qc2 Nc4 21. Na4
Kb8 22. Rf3 Rc8 23. Nc5 Rhg8 24. a4 Rg4 25. Qf2 Rcg8 26. Bf1 h5 27. a5 Qc6 28.
Nxe6 fxe6 29. Rf8+ Ka7 30. Re1 Rxf8 31. Qxf8 Nd2 32. Qf7 Qc3 33. Rxe6 Qxd4+ 34.
Kh1 Nxf1 35. Rb6 Qxb6 36. axb6+ Kxb6 37. Qxf1 Rxb4 1-0

[Event "Druzynowe Mistrzostwa Polski - II liga"]
[Site "Dom Wczasowy VIS Jastrzebia Gora"]
[Date "1899-12-30"]
[Round "8.85"]
[White "Kopczyk, Daniel"]
[Black "Cichocki, Adam"]
[Result "1/2-1/2"]
[WhiteTitle "k+"]
[BlackTitle "FM"]
[WhiteElo "2167"]
[BlackElo "2302"]

1. e4 e6 2. d4 d5 3. Nc3 Nf6 4. e5 Nfd7 5. f4 c5 6. Nf3 Nc6 7. Be3 cxd4 8. Nxd4
Bc5 9. Qd2 Bxd4 10. Bxd4 Nxd4 11. Qxd4 Qb6 12. Qxb6 Nxb6 13. O-O-O Bd7 14. Bd3
Rc8 15. Rhe1 O-O 16. Ne2 f6 17. Nd4 fxe5 18. fxe5 Rf2 19. Rd2 Rcf8 20. Nf3 Rxd2
21. Kxd2 Na4 22. b3 Nc5 23. Ke3 Be8 24. Nd4 Bd7 25. Bg6 h6 26. Bd3 1/2-1/2

[Event "Druzynowe Mistrzostwa Polski - II liga"]
[Site "Dom Wczasowy VIS Jastrzebia Gora"]
[Date "1899-12-30"]
[Round "8.87"]
[White "Palacki, Rafal"]
[Black "Kindler, Przemyslaw"]
[Result "0-1"]
[WhiteTitle "I"]
[BlackTitle "k"]
[WhiteElo "1860"]
[BlackElo "1969"]

1. e4 b6 2. d4 Bb7 3. Bd3 e6 4. c4 Nf6 5. Nc3 Bb4 6. Qe2 Nc6 7. Nf3 d6 8. d5 Ne7
9. dxe6 fxe6 10. Nd4 Qd7 11. Bd2 Bxc3 12. Bxc3 e5 13. Nc2 Ng6 14. g3 O-O-O 15.
O-O-O Rhf8 16. Nb4 Rf7 17. Rhf1 Qh3 18. f3 Nd7 19. Nd5 Rdf8 20. Bc2 Qh5 21. Rd3
Nc5 22. Re3 Ne6 23. Bd1 Qg5 24. Kb1 h5 25. Qd2 h4 26. Qe1 hxg3 27. hxg3 Ne7 28.
Bd2 Qg6 29. Ka1 Nc6 30. Ra3 Ncd4 31. f4 exf4 0-1

[Event "Druzynowe Mistrzostwa Polski - II liga"]
[Site "Dom Wczasowy VIS Jastrzebia Gora"]
[Date "1899-12-30"]
[Round "8.88"]
[White "Kindler, Karolina"]
[Black "Skladanowski, Adam"]
[Result "1/2-1/2"]
[WhiteTitle "I++"]
[BlackTitle "I++"]
[WhiteElo "1802"]
[BlackElo "1774"]

1. d4 b6 2. Nf3 Bb7 3. e3 Nf6 4. Be2 d6 5. b3 h5 6. Bb2 h4 7. h3 e6 8. c4 Nbd7
9. Nc3 Qe7 10. Nb5 Qd8 11. Rc1 Ne4 12. d5 e5 13. Qc2 Ndf6 14. Nc3 Nxc3 15. Bxc3
a5 16. a3 g6 17. Bd3 Qe7 18. Ng5 Bg7 19. O-O O-O 20. f4 Bh6 21. fxe5 dxe5 22.
Nf3 Bxe3+ 23. Kh1 Bf4 24. Rce1 Nh5 25. Kg1 Qc5+ 26. Kh1 Qe7 27. Nxe5 Ng3+ 28.
Kg1 Qc5+ 29. Rf2 Be3 30. Rxe3 Qxe3 31. Bxg6 Ne2+ 32. Qxe2 Qxe2 33. Bxf7+ Rxf7
1/2-1/2

[Event "Druzynowe Mistrzostwa Polski - II liga"]
[Site "Dom Wczasowy VIS Jastrzebia Gora"]
[Date "1899-12-30"]
[Round "8.89"]
[White "Giefert, Sara"]
[Black "Wilk, Oktawia"]
[Result "1/2-1/2"]
[WhiteTitle "I++"]
[BlackTitle "I++"]
[WhiteElo "1682"]
[BlackElo "1821"]

1. d4 d5 2. Nf3 Bg4 3. Nbd2 e6 4. e3 Nf6 5. Bd3 Nbd7 6. h3 Bh5 7. e4 dxe4 8. Nxe4
Be7 9. O-O c6 10. Ng3 Bg6 11. b3 O-O 12. Re1 Bb4 13. Bd2 a5 14. a3 Bxd2 15. Qxd2
Qb6 16. Bxg6 hxg6 17. Rad1 Rfd8 18. Qf4 Nd5 19. Qh4 N7f6 20. Ne5 Nc3 21. Rd3 Nb5
22. Nc4 Qa7 23. Red1 Nd6 24. Ne5 a4 25. b4 Qa6 26. Qf4 Nc4 27. Nxc4 Qxc4 28. Qd2
Nd5 29. h4 Nf6 30. Rc3 Qd5 31. Rc5 Qd6 32. Re5 Qxe5 33. dxe5 Rxd2 34. Rxd2 Ng4
35. f4 Ne3 36. Kf2 Nc4 37. Rd3 Kf8 38. Ne4 Ke7 39. Nd2 Nb2 40. Rd4 Nd1+ 41. Ke2
Nc3+ 42. Ke3 Nb5 43. Rd3 Rd8 44. Rxd8 Kxd8 45. Nb1 Kd7 46. Kd3 Nc7 47. g3 b5 48.
c4 bxc4+ 49. Kxc4 Nb5 50. Nc3 Nxa3+ 51. Kd3 Nb5 52. Nxa4 Nc7 53. Nc5+ Ke7 54.
Kc4 Nd5 55. Ne4 Kd7 56. Kc5 f6 57. exf6 gxf6 58. Nd2 Ne3 59. Nc4 Nxc4 60. Kxc4
f5 61. Kc5 Kc7 62. Kc4 Kd7 63. Kc5 Kc7 64. Kc4 Kd7 65. Kc5 1/2-1/2

[Event "Druzynowe Mistrzostwa Polski - II liga"]
[Site "Dom Wczasowy VIS Jastrzebia Gora"]
[Date "1899-12-30"]
[Round "8.90"]
[White "Osinski, Emil"]
[Black "Kozlowski, Waldemar"]
[Result "1-0"]
[WhiteTitle "k"]
[BlackTitle "FM"]
[WhiteElo "2164"]
[BlackElo "2182"]

1. e4 c5 2. Nf3 e6 3. d4 cxd4 4. Nxd4 a6 5. Nc3 Qc7 6. g3 Nf6 7. Bg2 Be7 8. O-O
O-O 9. Re1 d5 10. f4 Nc6 11. Nxc6 bxc6 12. e5 1-0

[Event "Druzynowe Mistrzostwa Polski - II liga"]
[Site "Dom Wczasowy VIS Jastrzebia Gora"]
[Date "1899-12-30"]
[Round "8.93"]
[White "Kitewski, Bartosz"]
[Black "Bienias, Piotr"]
[Result "0-1"]
[WhiteTitle "I++"]
[BlackTitle "I++"]
[WhiteElo "1993"]
[BlackElo "1957"]

1. d4 d5 2. c4 c6 3. Nc3 Nf6 4. Nf3 dxc4 5. a4 Bf5 6. e3 e6 7. Bxc4 Bb4 8. O-O
O-O 9. Qe2 Ne4 10. Bd2 Qa5 11. Rfc1 Nd7 12. Qe1 Nd6 13. Bf1 e5 14. d5 Bxc3 15.
Bxc3 Qxd5 16. Rd1 Qe6 17. Qd2 Ne4 18. Qc1 Rfd8 19. Bb4 Qf6 20. Bd3 Nb6 21. Qc2
Rxd3 22. Rxd3 Ng5 23. Nxg5 Qxg5 24. Rad1 Nd5 25. Ba3 Be4 26. f4 exf4 0-1

[Event "Druzynowe Mistrzostwa Polski - II liga"]
[Site "Dom Wczasowy VIS Jastrzebia Gora"]
[Date "1899-12-30"]
[Round "8.95"]
[White "Krysztopa-czuprynska, Barbara"]
[Black "Leczek, Weronika"]
[Result "1/2-1/2"]
[WhiteTitle "I"]
[BlackTitle "k"]
[WhiteElo "1636"]
[BlackElo "1900"]

1. e4 c5 2. Nc3 Nc6 3. Bb5 Nd4 4. Nf3 g6 5. Bc4 Bg7 6. d3 d6 7. Nxd4 cxd4 8. Ne2
e6 9. O-O Ne7 10. Bg5 O-O 11. Qd2 Re8 12. Qf4 Bd7 13. Qxd6 Nc8 14. Qg3 Qa5 15.
Qh4 Nd6 16. Bb3 Ba4 17. Bf6 Bxb3 18. axb3 Qc5 19. Rac1 h6 20. Bxg7 Kxg7 21. Kh1
Rac8 22. f4 Qb4 23. Qf2 Red8 24. g4 Kh7 25. f5 Qd2 26. e5 Nxf5 27. gxf5 exf5 28.
Nf4 Qa5 29. Rfe1 Rc6 30. e6 fxe6 31. Qg2 e5 32. Ne2 Rdc8 33. Rg1 Qd2 34. Rgd1
Qe3 35. Re1 1/2-1/2

[Event "Druzynowe Mistrzostwa Polski - II liga"]
[Site "Dom Wczasowy VIS Jastrzebia Gora"]
[Date "1899-12-30"]
[Round "8.96"]
[White "Dzhuguryan, Tygran"]
[Black "Litner, Igor"]
[Result "0-1"]
[WhiteTitle "k+"]
[BlackTitle "I++"]
[WhiteElo "2177"]
[BlackElo "1978"]

1. d4 f5 2. c4 Nf6 3. Nc3 g6 4. Nf3 Bg7 5. b4 d6 6. Bb2 O-O 7. Qb3 c5 8. dxc5 dxc5
9. Rd1 Nbd7 10. a3 h6 11. e3 Qc7 12. Be2 b6 13. O-O Bb7 14. Nd2 Kh7 15. Nb5 Qb8
16. Bf3 a6 17. Bxb7 Qxb7 18. Nc3 Rac8 19. b5 a5 20. Nf3 Rfd8 21. Rd3 Nf8 22. Rfd1
Qc7 23. Ne2 Ne8 24. Bxg7 Kxg7 25. Qc3+ Kh7 26. Nf4 Rxd3 27. Qxd3 Qb7 28. Ne5 Nf6
29. f3 Qc7 30. Nexg6 Nxg6 31. Qxf5 Rg8 32. h4 Qe5 33. Qd3 Nh5 34. Nd5 Kh8 35.
f4 Qg7 36. Rd2 Nxh4 37. Qe4 Ng3 38. Qxe7 0-1

[Event "Druzynowe Mistrzostwa Polski - II liga"]
[Site "Dom Wczasowy VIS Jastrzebia Gora"]
[Date "1899-12-30"]
[Round "8.97"]
[White "Szewczyk, Mariusz"]
[Black "Korbal, Arkadiusz"]
[Result "0-1"]
[WhiteTitle "k"]
[BlackTitle "k++"]
[WhiteElo "2058"]
[BlackElo "2034"]

1. e4 e5 2. Nf3 Nc6 3. Bc4 Nf6 4. d3 Bc5 5. O-O d6 6. c3 a6 7. h3 Ba7 8. Re1 h6
9. Nbd2 O-O 10. Nf1 Na5 11. Bb3 Nxb3 12. Qxb3 Nh5 13. d4 c6 14. Qd1 Qf6 15. Ng3
Nxg3 16. fxg3 Be6 17. Kh2 Rad8 18. Be3 Qe7 19. Qe2 Bb8 20. b3 Bc8 21. dxe5 dxe5
22. Nh4 g5 23. Nf3 f5 24. exf5 Bxf5 25. Qc4+ Rd5 26. Rad1 Qf7 27. Rd2 Be6 28.
Qe4 Rxd2 29. Nxd2 Bd5 30. Qd3 Qh7 31. Qxh7+ Kxh7 32. c4 Be6 33. Ne4 Kg6 34. g4
b5 35. Bc5 Rf4 36. g3 Rf7 37. cxb5 cxb5 38. Rd1 Rd7 39. Rxd7 Bxd7 40. Kg2 Bc6
41. Kf3 Kf7 42. Ke3 Bc7 43. h4 gxh4 44. gxh4 Bd7 45. Kf3 Bc6 46. h5 Bd8 47. Be3
Kg7 48. Bg1 Kf7 49. Be3 Kg7 50. Bd2 Bb6 51. Bc3 Bd4 52. Bd2 Bd5 53. Bb4 Bc6 54.
Bd2 Bd5 55. g5 hxg5 56. Bxg5 a5 57. Be3 Bb2 58. a4 Bxb3 59. h6+ Kg6 60. axb5 a4
61. Kf2 a3 62. b6 Bd5 63. h7 Kg7 64. Ng5 a2 65. Bc5 a1=Q 66. Bf8+ Kh8 0-1

[Event "Druzynowe Mistrzostwa Polski - II liga"]
[Site "Dom Wczasowy VIS Jastrzebia Gora"]
[Date "1899-12-30"]
[Round "8.99"]
[White "Rzeszowski, Dominik"]
[Black "Matul, Sebastian"]
[Result "1-0"]
[WhiteTitle "I++"]
[BlackTitle "I"]
[WhiteElo "1855"]
[BlackElo "1773"]

1. e4 e6 2. d4 d5 3. Nd2 Nf6 4. e5 Nfd7 5. c3 c5 6. Bd3 Nc6 7. Ne2 cxd4 8. cxd4
Qb6 9. Nf3 f6 10. exf6 Nxf6 11. O-O Bd6 12. Re1 O-O 13. Nc3 Bd7 14. Bg5 a6 15.
Ne5 Qc7 16. Bxf6 Rxf6 17. Qh5 g6 18. Qg5 Bxe5 19. dxe5 Rf7 20. Nxd5 exd5 21. e6
Bxe6 22. Rxe6 Qf4 23. Qxf4 Rxf4 24. Rd6 Rd4 25. Bc2 Rd8 26. Rxd8+ Nxd8 27. Rd1
Rxd1+ 28. Bxd1 Kf7 29. Bb3 Ke6 30. f4 Nc6 31. g4 Nb4 32. Kf2 Nd3+ 33. Ke3 Nxb2
34. Kd4 Nc4 35. f5+ gxf5 36. gxf5+ Kf6 37. Kxd5 Ne3+ 38. Kc5 Nxf5 39. Bd5 b5 40.
Bb7 Ke7 41. Bxa6 Kd8 42. Bxb5 1-0

[Event "Druzynowe Mistrzostwa Polski - II liga"]
[Site "Dom Wczasowy VIS Jastrzebia Gora"]
[Date "1899-12-30"]
[Round "8.100"]
[White "Derejczyk, Mateusz"]
[Black "Powalka, Michal"]
[Result "1/2-1/2"]
[WhiteTitle "II+"]
[BlackTitle "I++"]
[WhiteElo "1597"]
[BlackElo "1986"]

1. e4 e5 2. Nf3 Nc6 3. d4 exd4 4. Nxd4 Nf6 5. Nc3 Bb4 6. Nxc6 bxc6 7. Bd3 d5 8.
exd5 cxd5 9. O-O O-O 10. Bg5 Be6 11. Qf3 Be7 12. h3 h6 13. Bh4 Qd7 14. Rfd1 Rfd8
15. Ne2 Rab8 16. b3 Rb4 17. Bg3 c5 18. c3 Rb6 19. c4 d4 20. Nf4 g6 21. Re1 Re8
22. Kf1 Bf5 23. Re5 Bxd3+ 24. Nxd3 Rc8 25. Rae1 Bf8 26. Bh4 Kg7 27. Bxf6+ Rxf6
28. Qg4 Qc6 29. Nf4 Rxf4 30. Qxf4 Bd6 31. Qe4 Bxe5 32. Qxc6 Rxc6 33. Rxe5 Kf6
34. Rd5 Ke6 35. Ke2 Ra6 1/2-1/2

[Event "Druzynowe Mistrzostwa Polski - II liga"]
[Site "Dom Wczasowy VIS Jastrzebia Gora"]
[Date "1899-12-30"]
[Round "8.101"]
[White "Rudnik, Anna"]
[Black "Zalucka, Emilia"]
[Result "1-0"]
[WhiteTitle "I++"]
[BlackTitle "I++"]
[WhiteElo "1823"]
[BlackElo "1541"]

1. e4 e5 2. Nf3 Nc6 3. Bc4 Bc5 4. c3 Nf6 5. d4 exd4 6. e5 d5 7. Bb5 Ne4 8. cxd4
Bb6 9. Nc3 O-O 10. Be3 Bf5 11. O-O a6 12. Bxc6 bxc6 13. Rc1 Nxc3 14. Rxc3 Bd7
15. a3 Qe7 16. Qd3 h6 17. h3 c5 18. dxc5 Bb5 19. Qxd5 Rfd8 20. Qe4 Bxf1 21. cxb6
Be2 22. Nd4 Bb5 23. Rxc7 Qe8 24. Nf5 Bd3 25. Qg4 Bxf5 26. Qxf5 Rac8 27. Bc5 Qe6
28. Qxe6 fxe6 29. Rxc8 Rxc8 30. Bd6 Rc1+ 31. Kh2 Rb1 32. b4 a5 33. b7 1-0

[Event "Druzynowe Mistrzostwa Polski - II liga"]
[Site "Dom Wczasowy VIS Jastrzebia Gora"]
[Date "1899-12-30"]
[Round "8.103"]
[White "Szmyd, Arkadiusz"]
[Black "Liberadzki, Slawomir"]
[Result "1/2-1/2"]
[WhiteTitle "k"]
[BlackTitle "k"]
[WhiteElo "2073"]
[BlackElo "2015"]

1. e4 c5 2. Nf3 e6 3. Nc3 Nc6 4. d4 cxd4 5. Nxd4 Qc7 6. Be3 Nf6 7. Bd3 a6 8. O-O
Nxd4 9. Bxd4 Bc5 10. Bxc5 Qxc5 11. Kh1 d6 12. f3 e5 13. Na4 Qc6 14. c4 O-O 15.
Qb3 Be6 16. Nb6 Rae8 17. Rfd1 Nd7 18. Nxd7 Qxd7 19. Bf1 Rc8 20. Qb4 Rc6 21. Rd2
Qc7 22. b3 Rb6 23. Qa5 Qc5 24. Qxc5 dxc5 25. Rad1 Re8 26. g3 g5 27. Kg2 Kf8 28.
Kf2 Ke7 29. Ke3 a5 30. f4 gxf4+ 31. gxf4 exf4+ 32. Kxf4 a4 33. Rd3 Ra8 34. Bh3
axb3 1/2-1/2

[Event "Druzynowe Mistrzostwa Polski - II liga"]
[Site "Dom Wczasowy VIS Jastrzebia Gora"]
[Date "1899-12-30"]
[Round "8.104"]
[White "Grzelak, Artur"]
[Black "Kaminski, Piotr"]
[Result "1/2-1/2"]
[WhiteTitle "m"]
[BlackTitle "k"]
[WhiteElo "2103"]
[BlackElo "2037"]

1. Nf3 d5 2. d4 c6 3. Bf4 Bf5 4. e3 e6 5. Be2 Bd6 6. Bg3 Nf6 7. Nbd2 Ne4 8. c4
Nxg3 9. hxg3 Nd7 10. c5 Bc7 11. b4 a6 12. a4 O-O 13. Nb3 f6 14. Bd3 Bxd3 15. Qxd3
f5 16. g4 g6 17. gxf5 exf5 18. g3 Re8 19. Ke2 Nf6 20. Rag1 Ng4 21. Nh2 Qf6 22.
Nf1 Qe6 23. Nbd2 Re7 24. Nh2 Rae8 25. Nxg4 fxg4 26. Rh2 Rf7 27. Rf1 Bd8 28. Rhh1
Bg5 29. Kd1 Ref8 30. Ke1 Kg7 31. Nb3 Rf3 32. Nd2 Bxe3 33. Nxf3 Rxf3 34. Qe2 Bg5
35. Qd3 Qf6 1/2-1/2

[Event "Druzynowe Mistrzostwa Polski - II liga"]
[Site "Dom Wczasowy VIS Jastrzebia Gora"]
[Date "1899-12-30"]
[Round "8.105"]
[White "Zawierucha, Aleksander"]
[Black "Kuma, Boguslaw"]
[Result "1/2-1/2"]
[WhiteTitle "k"]
[BlackTitle "k"]
[WhiteElo "1946"]
[BlackElo "2132"]

1. d4 Nf6 2. c4 g6 3. Nc3 d5 4. Bf4 Bg7 5. Rc1 c6 6. e3 O-O 7. h3 Qa5 8. Qd2 a6
9. c5 Nbd7 10. Nf3 Re8 11. Be2 b5 12. cxb6 Qxb6 13. O-O Nh5 14. Bh2 Bb7 15. b4
a5 16. b5 Rec8 17. Na4 Qd8 18. Nc5 Nxc5 19. Rxc5 Nf6 20. Qb2 cxb5 21. Bxb5 Ne4
22. Rxc8 Rxc8 23. Bd3 Bc6 24. Ne5 Bxe5 25. Bxe5 Nd6 26. Rc1 Nc4 27. Bxc4 dxc4
28. f3 f6 29. Bg3 Qd5 30. Bf2 Qb5 31. Qc3 Bd7 32. Be1 a4 33. Qa3 Kf7 34. Bb4 e5
35. Bd6 exd4 36. exd4 Bf5 37. Re1 Re8 38. Rxe8 Qxe8 39. Qc5 Bd3 40. Qa7+ Ke6 41.
Bb4 Qd7 1/2-1/2

[Event "Druzynowe Mistrzostwa Polski - II liga"]
[Site "Dom Wczasowy VIS Jastrzebia Gora"]
[Date "1899-12-30"]
[Round "8.106"]
[White "Pajak, Jakub"]
[Black "Boruta, Dawid"]
[Result "1/2-1/2"]
[WhiteTitle "I++"]
[BlackTitle "I"]
[WhiteElo "1896"]
[BlackElo "1912"]

1. e4 c6 2. Nf3 d5 3. Nc3 Bg4 4. Be2 Nf6 5. d3 dxe4 6. Nxe4 Nxe4 7. dxe4 Qxd1+
8. Bxd1 Nd7 9. Be3 e6 10. c3 Bc5 11. Nd4 Bxd1 12. Rxd1 O-O-O 13. Ke2 Bb6 14. f3
Ne5 15. b3 Rd7 16. Nc2 Bxe3 17. Rxd7 Nxd7 18. Kxe3 Rd8 19. Rd1 Nf6 20. Rxd8+ 1/2-1/2

[Event "Druzynowe Mistrzostwa Polski - II liga"]
[Site "Dom Wczasowy VIS Jastrzebia Gora"]
[Date "1899-12-30"]
[Round "8.108"]
[White "Nowak, Kamil"]
[Black "Krol, Rafal"]
[Result "1-0"]
[WhiteTitle "m"]
[BlackTitle "I++"]
[WhiteElo "2275"]
[BlackElo "2003"]

1. e4 c5 2. Nf3 Nf6 3. e5 Nd5 4. Nc3 Nxc3 5. dxc3 e6 6. Bf4 Nc6 7. Qd2 Qc7 8. O-O-O
b6 9. Bd3 Bb7 10. Be4 O-O-O 11. Ng5 d5 12. exd6 Qd7 13. Nxh7 Rxh7 14. Bxh7 g6
15. h4 e5 16. Bh6 Bxd6 17. h5 Qe6 18. Kb1 Be7 19. Qe3 Rxd1+ 20. Rxd1 Qg4 21. Qh3
Qxh3 22. gxh3 gxh5 23. Bf5+ Kb8 24. Rg1 Bh4 25. Rg7 Bxf2 26. Rxf7 Bg3 27. Bg5
1-0

[Event "Druzynowe Mistrzostwa Polski - II liga"]
[Site "Dom Wczasowy VIS Jastrzebia Gora"]
[Date "1899-12-30"]
[Round "8.109"]
[White "Gondzik, Dawid"]
[Black "Daniel, Damian"]
[Result "0-1"]
[WhiteTitle "k"]
[BlackTitle "CM"]
[WhiteElo "2040"]
[BlackElo "2163"]

1. d4 Nf6 2. c4 Nc6 3. Nc3 e5 4. d5 Ne7 5. Nf3 Ng6 6. g3 Bc5 7. Bg2 O-O 8. O-O
a5 9. Bg5 h6 10. Bxf6 Qxf6 11. Ne4 Qe7 12. d6 cxd6 13. Nc3 f5 14. Nd5 Qd8 15.
Qa4 e4 16. Ne1 b5 17. Qxb5 Ne5 18. Qa4 Ba6 19. Rc1 Rb8 20. Rc2 Bb7 21. Rd2 Bxd5
22. Rxd5 Rxb2 23. Nc2 Qb6 24. e3 Qc6 25. Qxc6 dxc6 26. Rd2 Nxc4 27. Re2 Na3 28.
Rc1 Rxa2 29. Bf1 Nxc2 30. Rexc2 Rxc2 31. Rxc2 Kf7 32. Ba6 Rb8 0-1

[Event "Druzynowe Mistrzostwa Polski - II liga"]
[Site "Dom Wczasowy VIS Jastrzebia Gora"]
[Date "1899-12-30"]
[Round "8.110"]
[White "Stankiewicz, Pawel"]
[Black "Lizak, Sebastian"]
[Result "1/2-1/2"]
[WhiteTitle "k"]
[BlackTitle "I"]
[WhiteElo "2101"]
[BlackElo "1907"]

1. Nf3 c5 2. g3 Nc6 3. Bg2 g6 4. O-O Bg7 5. d3 Nf6 6. e4 d6 7. c3 O-O 8. Re1 e5
9. Nbd2 Rb8 10. a4 b5 11. axb5 Rxb5 12. Nc4 Qc7 13. Qe2 1/2-1/2